000
00373nam a22001577a 4500
003
MPLRDC
005
20220104123743.0
008
210129b ||||| |||| 00| 0 eng d
082
_a
413.1 LGS
100
_a
陆奎生编著
245
_a
白话中医学
_c
260
_a
_b
求实出版社
_c
300
_b
平
650
_a
医经; 中医理论
942
_c
BK
_o
413.1 LGS
999
_c
13927
_d
13917